|
|
|
|
| LEADER |
00000nab a22000001a 4500 |
| 001 |
vtls010758498 |
| 003 |
SK-MaSNL |
| 005 |
20260305010129.0 |
| 008 |
250718|2011 xo |||||||||||||||||slo| |
| 035 |
|
|
|a (urnnbn)urn:nbn:sk:snk:ar-a02rvn
|
| 035 |
|
|
|a (uuid)c2b416c3-a13d-425b-b082-e959d29f626e
|
| 035 |
|
|
|a urn:nbn:sk:snk-ab4n4n
|
| 040 |
|
|
|a SNKBUCL
|b slo
|c SNKBUCL
|e AACR2
|
| 041 |
0 |
|
|a slo
|
| 044 |
|
|
|a xo
|c SK
|
| 080 |
|
|
|a 069
|2 2001
|
| 080 |
|
|
|a (437.6)
|2 2001
|
| 100 |
1 |
|
|a Zumerová, Miroslava
|4 aut
|9 1121850
|
| 245 |
1 |
0 |
|a Levočská biela pani
|c Miroslava Zumerová
|
| 600 |
1 |
7 |
|a Uharčeková-Pavúková, Dáša
|2 SNK
|9 323922
|
| 600 |
1 |
7 |
|a Lörinčiková, Silvia
|2 SNK
|9 431864
|
| 600 |
1 |
7 |
|a Korponayová, Juliana,
|d 1680-1714
|2 SNK
|9 422283
|
| 610 |
2 |
7 |
|a Spišské múzeum (Levoča, Slovensko)
|2 SNKKA
|9 32714
|
| 650 |
0 |
7 |
|a múzeá
|2 SNKPH
|9 4119
|
| 650 |
0 |
7 |
|a levočská biela pani
|2 SNK
|9 599785
|
| 651 |
|
7 |
|a Levoča (Slovensko)
|2 SNKPH
|9 26696
|
| 773 |
0 |
|
|t Múzeum : študijný a informačný materiál
|g Roč. 57, č. 3 (2011), s. 32-33
|
| 850 |
|
|
|a Slovenská národná knižnica
|
| 852 |
|
|
|a Slovenská národná knižnica
|
| 954 |
|
|
|a odborná, vedecká literatúra pôvodná (slovenská)
|2 lita
|
| 958 |
|
|
|a article3
|
| 958 |
|
|
|a OND
|
| 958 |
|
|
|a EUIPO
|
| 999 |
|
|
|c 3244821
|d 3246751
|